Music Quiz

Random Music or Clickable Quiz
Score 0/30 Timer 03:00
0 Plays Today
% Correct
Anneke van Giersbergen
99.3%
Jørn Lande
97.1%
Devin Townsend
96.4%
Mikael Åkerfeldt
96.4%
Bruce Dickinson
95.7%
James LaBrie
95.7%
Hansi Kürsch
94.9%
Marcela Bovio
94.2%
Sharon den Adel
94.2%
Daniel Gildenlöw
93.5%
Tom S. Englund
93.5%
Russell Allen
91.3%
Ty Tabor
89.9%
Fish
89.1%
Steve Lee
89.1%
% Correct
Thijs van Leer
87.7%
Steve Hackett
87%
Rick Wakeman
87%
Derek Sherinian
86.2%
Jordan Rudess
86.2%
Keith Emerson
86.2%
Oliver Wakeman
86.2%
Fabio Lione
85.5%
John Wetton
85.5%
Ton Scherpenzeel
85.5%
Timo Kotipelto
84.1%
Neal Morse
83.3%
Tomas Bodin
79.7%
Clive Nolan
75.4%
Ken Hensley
75.4%
Remove Ads.
Support Sporcle.
Get the best of Sporcle when you Go Orange. This ad-free experience offers more features, more stats, and more fun while also helping to support Sporcle. Thank you for becoming a member.

You're not logged in!

Compare scores with friends on all Sporcle quizzes.
OR
Log In

Show Comments

Extras

Created Dec 20, 2014ReportNominate
Tags:Clickable Quiz, guest, Musician

Top Quizzes Today


Score Distribution

Your Account Isn't Verified!

In order to create a playlist on Sporcle, you need to verify the email address you used during registration. Go to your Sporcle Settings to finish the process.

Report this User

Report this user for behavior that violates our Community Guidelines.

Details: